Statistiken für Fußball WM-Teilnehmer (1930-2022)

Klicken Sie hier um das Quiz zu spielen!

Allgemein

  • Dieses Quiz wurde 2.249 mal gespielt
  • Das Durchschnittsergebnis liegt bei 55 aus 78

Antwortstatistiken

Antwort% Korrekt
Deutschland
99%
Brasilien
96%
Argentinien
94%
Italien
94%
Spanien
94%
Frankreich
93%
Russland
93%
Vereinigte Staaten
92%
England
91%
Portugal
91%
Japan
90%
Schweden
89%
Schweiz
89%
China
88%
Niederlande
88%
Belgien
87%
Kanada
87%
Österreich
87%
Südkorea
87%
Uruguay
87%
Mexiko
85%
Norwegen
84%
Polen
84%
Australien
83%
Dänemark
83%
Kroatien
83%
Marokko
81%
Südafrika
81%
Ukraine
79%
Ägypten
78%
Irland
78%
Türkei
78%
Tschechien
77%
Chile
76%
Kolumbien
76%
Serbien
76%
Griechenland
75%
Senegal
74%
Saudi-Arabien
73%
Ungarn
73%
Ghana
72%
Wales
72%
Iran
70%
Katar
70%
Neuseeland
70%
Nordkorea
70%
Island
69%
Peru
69%
Schottland
69%
Slowakei
69%
Slowenien
68%
Algerien
67%
Costa Rica
67%
Ecuador
65%
Nigeria
65%
Bulgarien
64%
Kamerun
64%
Tunesien
64%
Rumänien
61%
Bosnien und Herzegowina
60%
Irak
60%
Panama
60%
Paraguay
60%
Elfenbeinküste
56%
Bolivien
54%
Honduras
52%
Nordirland
52%
Israel
44%
Kongo
44%
Jamaika
39%
Kuba
39%
Indonesien
36%
Togo
32%
Haiti
28%
Trinidad und Tobago
28%
El Salvador
27%
Vereinigte Arabische Emirate
24%
Kuwait
16%

Verteilung der Resultate

Perzentil nach korrekt beantworteten Fragen

Anzahl Personen mit jedem Resultat

Ihre Resultats-Entwicklung

Sie haben dieses Quiz noch nicht gespielt